Facultades de los obispos de ultramar: su origen, naturaleza y extensión, seguidas de dos disertaciones sobre esponsales, matrimonios y dispensas matrimoniales, y de una instrucción pastoral sobre negociación prohibida

Gardado en:
Detalles Bibliográficos
Autor Principal: Gainza, Francisco (Author)
Formato: Libro
Idioma:Lingua castelá
Publicado: Madrid Librería de Olamendi 1877
Edición:2a. ed
Subjects:
Tags: Engadir etiqueta
Sen Etiquetas, Sexa o primeiro en etiquetar este rexistro!

MARC

LEADER 00000cam a2200000 a 4500
001 UCD1953
003 CL-VaPUC
008 160407e18770000sp |||||||||||||||||spa|d
082 0 4 |a 262.91  |b GAI  |2 21 
100 0 |a Gainza, Francisco  |e author  |9 585128 
245 1 0 |a Facultades de los obispos de ultramar: su origen, naturaleza y extensión, seguidas de dos disertaciones sobre esponsales, matrimonios y dispensas matrimoniales, y de una instrucción pastoral sobre negociación prohibida 
250 |a 2a. ed 
300 |a 530 p 
942 |c BK 
945 |d 20160407 22:06:00  |a dcastane 
260 |a Madrid  |b Librería de Olamendi  |c 1877 
650 7 |a OBISPOS  |2 CL-VaPUC  |9 585129 
650 0 |a Administración de la Iglesia  |9 349339 
583 |a last modification  |c 20160407 22:06:00  |k Rodrigo Vera 
999 |c 363161  |d 363159 
952 |0 0  |1 0  |3 erd  |4 0  |6 262_910000000000000_GAI_1877  |7 0  |8 X  |9 474999  |a BIBTEO  |b BIBTEO  |c TEO_FFR  |i 5220777  |o 262.91 GAI 1877  |p 5220777  |r 2024-01-18  |w 2019-11-24  |y BK_X  |z Catalogado en:20160407  |k OFM